| 000 | 01126nam a22002777a 4500 | ||
|---|---|---|---|
| 005 | 20180213124358.0 | ||
| 008 | 090728t xxu||||| |||| 00| 0 pun d | ||
| 010 | _aPUN- B-577951-954 B-669945 | ||
| 020 |
_c120.00 _a9788126045921 |
||
| 035 | _aPN- B-577951-954 | ||
| 035 | _aB-669945 | ||
| 037 | _bDBAD / PUB | ||
| 037 | _bSahitya Akademi | ||
| 037 | _bBPPD/Ven/KBD | ||
| 040 |
_adpl _bpn |
||
| 082 | _a851 | ||
| 100 | _a ਪਾਜ਼,ਓਕਤਾਵਿਓ | ||
| 245 |
_aਓਕਤਾਵਿਓ ਪਾਜ਼ ਦੀਆਂ ਕਵਿਤਾਵਾਂ / _cਓਕਤਾਵਿਓ ਪਾਜ਼ |
||
| 246 |
_aOctavio Paz ki Kavitayen _bby Octavio Paz ,Punjabi tran;Paul kaur ed.&tran. Prayag shukla |
||
| 260 |
_aNew Delhi _bSahitya Prakashan _c2014 |
||
| 270 |
_bNew Delhi _a35, ਫ਼ਿਰੋਜ਼ਸ਼ਾਹ ਮਾਰਗ ਨਈ ਦਿੱਲੀ _e110001 |
||
| 300 | 4 |
_a156p. _c22ਸੇਂਮੀ (ਸਜਿਲੱਦ) |
|
| 942 |
_2ddc _cPN _h851 _mਪਾਜ਼ਓ |
||
| 999 |
_c88115 _d88115 |
||